00343nam a2200121Ia 4500008004000000082001500040100001800055245004700073250000500120260004200125300001600167650003800183210210b1975 xxu||||| |||| 00| 0 eng d a591.1 DALA aDALELA (R C). aAnimal physiology and related biochemistry a aMeerutbJai Prakash Nath & Co.,c1975 axii,404,vii aAnimal Physiology, Biochemistry